Britannica Atlas

Αποθηκεύτηκε σε:
Λεπτομέρειες βιβλιογραφικής εγγραφής
Συγγραφή απο Οργανισμό/Αρχή: Encyclopaedia Britannica, Inc
Μορφή: Βιβλίο
Γλώσσα:English
Δημοσίευση: Chicago : Encyclopedia Britannica, Inc, c1974
Θέματα:
Ετικέτες: Προσθήκη ετικέτας
Δεν υπάρχουν, Καταχωρήστε ετικέτα πρώτοι!

MARC

LEADER 00000nam a2200000 i 4500
001 1/62767
008 980623s1974 eng d
020 |a 0-85229-292-9 
035 |l 10029136 
040 |a GR-MY-UA  |b gre  |e aacr 
041 0 |a eng 
082 0 |a 912 
110 2 |a Encyclopaedia Britannica, Inc. 
245 1 0 |a Britannica Atlas /  |c Encyclopedia Britannica, Inc. 
260 |a Chicago :   |b Encyclopedia Britannica, Inc,   |c c1974 
300 |a xvi, 222 p.  |b ill. 
650 0 0 |a Atlases. 
852 |a INST  |b CHIOS  |e 19980623  |h 912 BRI  |p 005200016085  |q 005200016085  |t BK  |y 0 
901 |a BIBL-1998-2 
909 |a Χ  |b 054656 
922 |a 2ΕΛΗ  |b 199806  |c ΤΔΕ